Photochemistry / (Record no. 6702)

MARC details
000 -LEADER
fixed length control field 00564nam a22001937a 4500
003 - CONTROL NUMBER IDENTIFIER
control field OSt
005 - DATE AND TIME OF LATEST TRANSACTION
control field 20200303122611.0
008 - FIXED-LENGTH DATA ELEMENTS--GENERAL INFORMATION
fixed length control field 200303b ||||| |||| 00| 0 eng d
040 ## - CATALOGING SOURCE
Transcribing agency DLC
082 ## - DEWEY DECIMAL CLASSIFICATION NUMBER
Classification number 572.2
Item number CAL 1966
100 ## - MAIN ENTRY--PERSONAL NAME
Personal name Calvert, Jack G.
9 (RLIN) 13767
245 ## - TITLE STATEMENT
Title Photochemistry /
Statement of responsibility, etc. Jack G. Calvert, James N.Pitts
260 ## - PUBLICATION, DISTRIBUTION, ETC. (IMPRINT)
Place of publication, distribution, etc. New York
Name of publisher, distributor, etc. John Wiley and sons
Date of publication, distribution, etc. 1966
300 ## - PHYSICAL DESCRIPTION
Extent xvii, 899p;
Other physical details ill :
Dimensions 20 cm.
504 ## - BIBLIOGRAPHY, ETC. NOTE
Bibliography, etc Includes bibliographical references and index
650 ## - SUBJECT ADDED ENTRY--TOPICAL TERM
Source of heading or term Photochemistry
700 ## - ADDED ENTRY--PERSONAL NAME
Personal name Pitts, James N.
9 (RLIN) 13768
942 ## - ADDED ENTRY ELEMENTS (KOHA)
Source of classification or shelving scheme Dewey Decimal Classification
Koha item type Open Shelf
Holdings
Withdrawn status Lost status Source of classification or shelving scheme Damaged status Not for loan Home library Current library Date acquired Source of acquisition Inventory number Total Checkouts Full call number Barcode Date last seen Price effective from Koha item type
    Dewey Decimal Classification     MUST Main Library MUST Main Library 03/03/2020 Purchase 2013/36877   572.2 CAL 1966 2020-0633 03/03/2020 03/03/2020 Open Shelf
    Dewey Decimal Classification     MUST Main Library MUST Main Library 31/08/2021 Purchase 13/36876   572.2 CAL 1966 2021-0747 31/08/2021 31/08/2021 Open Shelf